00000000nam 2200000zi 4500
0019.946675
003CaOODSP
00520250219114531
006m     o  d f      
007cr cn|||||||||
008250109t20252025qucb    o    f000 0 fre d
020 |a9780660751658
040 |aCaOODSP|bfre|erda|cCaOODSP
043 |an-cn---
0861 |aEn14-31/2025F-PDF
24500|aFonds pour dommages à l'environnement : |bguide du demandeur.
264 1|aGatineau, Québec : |bEnvironnement et changement climatique Canada = Environment and Climate Change Canada, |c[2025]
264 4|c©2025
300 |a1 ressource en ligne (iv, 21 pages) : |bcarte en couleur
336 |atexte|btxt|2rdacontent/fre
337 |ainformatique|bc|2rdamedia/fre
338 |aressource en ligne|bcr|2rdacarrier/fre
500 |aPublié aussi en anglais sous le titre : Environmental Damages Fund: applicant guide.
500 |a« EC4056. »
650 6|aEnvironnement|xProtection|zCanada|xFinances.
650 6|aEnvironnement|xPolitique gouvernementale|zCanada.
650 6|aTaxe écologique|xPolitique gouvernementale|zCanada.
7101 |aCanada. |bEnvironnement et changement climatique Canada, |eorganisme de publication.
77508|tEnvironmental Damages Fund : |w(CaOODSP)9.946674
795 |tFonds pour dommages à l'environnement : |w(CaOODSP)9.935769
85640|qPDF|s4.81 Mo|uhttps://publications.gc.ca/collections/collection_2025/eccc/En14-31-2025-fra.pdf